书目信息 |
| 题名: |
色彩进程 人像
|
|
| 作者: | 刘明明 编著 | |
| 分册: | ||
| 出版信息: | 重庆 西南师范大学出版社 1999.07 |
|
| 页数: | 30页 | |
| 开本: | 16开 | |
| 丛书名: | ||
| 单 册: | ||
| 中图分类: | J211.25 | |
| 科图分类: | ||
| 主题词: | 绘画--技法(美术) | |
| 电子资源: | ||
| ISBN: | 7-5621-2092-7 | |
| 000 | 00567nam0 2200193 45 | |
| 001 | 0010040837 | |
| 005 | 20001004090012.0 | |
| 010 | @a7-5621-2092-7@d12.00元 | |
| 100 | @a20001004d1999 km y0chiy0120 ea | |
| 101 | 0 | @achi |
| 105 | @a z 000yy | |
| 200 | 1 | @a色彩进程 人像@ASe Cai Jin Cheng Ren Xiang@f刘明明 编著@FLiu Ming Ming Bian Zhu |
| 210 | @a重庆@c西南师范大学出版社@d1999.07 | |
| 215 | @a30页@d16开 | |
| 606 | 0 | @a绘画@x技法(美术) |
| 690 | @aJ211.25@v3 | |
| 701 | 0 | @a刘明明@4编著 |
| 801 | @aCN@bPftUser@c20001004 | |
| 905 | @b164278-282@dJ211.25@eL533@f5 | |
| 色彩进程 人像/刘明明 编著.-重庆:西南师范大学出版社,1999.07 |
| 30页;16开 |
| ISBN 7-5621-2092-7:12.00元 |
| ● |
| 相关链接 |
|
|
|
正题名:色彩进程人像
索取号:J211.25/L533
 
预约/预借
| 序号 | 登录号 | 条形码 | 馆藏地/架位号 | 状态 | 备注 |
| 1 | 164278 | 201642785 | 社科库309/ [索取号:J211.25/L533] | 在馆 | |
| 2 | 164279 | 201642794 | 自科二线404/309社科库 41排3列6层/ [索取号:J211.25/L533] | 在馆 | |
| 3 | 164280 | 201642801 | 社科库309/309社科库 68排1列5层/ [索取号:J211.25/L533] | 在馆 | |
| 4 | 164281 | 201642810 | 自科二线404/404自科库 14排4列1层/ [索取号:J211.25/L533] | 在馆 | |
| 5 | 164282 | 201642829 | 社科库309/309社科库 68排1列5层/ [索取号:J211.25/L533] | 在馆 |